000 00661nam a22002297a 4500
999 _c13561
_d13561
003 AR-CdUCM
008 190415b ||||| |||| 00| 0 spa d
020 _a91-7910-003-1
040 _aMUNICIPALIDAD PROVINCIAL DEL CUSCO
_cBIBLIOTECA MUNICIPAL DEL CUSCO
082 _aES / 373.808 /
_bSA17
100 _aSalas, Luis
_932022
245 _aSeres Humanos /
260 _aEstocolmo :
_bForfattares Bokmaskin,
_c1995.
300 _a64 paginas ;
_bilustraciones,
_c21 cm.
500 _aCuentos
650 _aCuentos
_9217
650 _aHistoria
_9136
650 _aLiteratura
_983
650 _aSiglo XX
_98
942 _2ddc
_cLIBROS
945 _apjha
_d2019-04-15